Εφαρμογές διεθνούς και ευρωπαϊκού δικαίου
Αποθηκεύτηκε σε:
| Κύριος συγγραφέας: | |
|---|---|
| Μορφή: | Βιβλίο |
| Γλώσσα: | Greek |
| Δημοσίευση: |
Αθήνα :
Σάκκουλας, Α.,
2007.
|
| Έκδοση: | 2η έκδ. |
| Θέματα: | |
| Ετικέτες: |
Προσθήκη ετικέτας
Δεν υπάρχουν, Καταχωρήστε ετικέτα πρώτοι!
|
MARC
| LEADER | 00000cam a2200000 i 4500 | ||
|---|---|---|---|
| 001 | 1/85478 | ||
| 008 | 080519s2007 gr || ||| |||| ||gre|| | ||
| 020 | |a 9789601518459 |q (τ. 4) | ||
| 035 | |l 10097428 | ||
| 040 | |a GR-MyUa |b gre |e AACR2 | ||
| 041 | 0 | |a gre | |
| 082 | 7 | |a 341.242 |2 (22) | |
| 100 | 1 | |a Χριστιανός, Βασίλειος Α. | |
| 245 | 1 | 0 | |a Εφαρμογές διεθνούς και ευρωπαϊκού δικαίου / |c Β.Α. Χριστιανός. |
| 250 | |a 2η έκδ. | ||
| 260 | |a Αθήνα : |b Σάκκουλας, Α., |c 2007. | ||
| 300 | |a τ. ; |c 24 εκ. | ||
| 504 | |a Περιέχει βιβλιογραφικές παραπομπές. | ||
| 505 | 0 | |a Τ. 4. Συμβάσεις εργασίας ορισμένου χρόνου υπό το φως της κοινοτικής έννομης τάξης. | |
| 610 | 2 | 0 | |a European Union. |
| 650 | 0 | |a International and municipal law |z European Union countries. | |
| 852 | |a INST |b LESVOS |e 20080519 |h 341.242 ΧΡΙ |p 005100039755 |q 005100039755 |t BK |y 0 |z τ.4 | ||
| 852 | |a INST |b LESVOS |e 20080519 |h 341.242 ΧΡΙ |p 005100039755 |q 005100039755 |t BK |v τ.4: |y 0 |z τ.4 | ||
| 853 | |a INST |b LESVOS |h 341.242 ΧΡΙ | ||
| 901 | |a BIBL1-2008-2 | ||
| 922 | |a 1ΕΛΗ |b 200711 |c ΕΠΕΑΕΚ2/ΤΚ |d Σ. Πατάκης | ||
| 970 | |a Καρά |b Γιασεμή |z 19/05/2008 | ||